Basic Income Tax

Detalles Bibliográficos
Autor principal: Kratzke, William
Formato: eBook
Lenguaje:inglés
Publicado: Chicago: The Center for Computer - Assisted Legal Instruction (CALI), 2017
Edición:Fifth Edition
Materias:
Acceso en línea:Acceso restringido

MARC

LEADER 00000nam a22000007a 4500
005 20180428231424.0
007 cr|||| ||||
008 180428s2017 us |||||s|||| 00||0 eng d
035 |a 21482 
040 |a vLex 
090 |c 7838  |d 7838 
100 1 |a Kratzke, William 
245 1 0 |a Basic Income Tax  |h [Recurso electrn̤ico] /  |c William Kratzke 
250 |a Fifth Edition 
256 |a Servicio en ln̕ea 
260 |a Chicago:  |b The Center for Computer - Assisted Legal Instruction (CALI),  |c 2017 
300 |a 1 recurso electrn̤ico 
506 1 |a Disponible solo en los productos indicados  |d vLex Global  |d vLex Global (Academic Edition, excluding Law Schools)  |d vLex Global (U.S. Academic Edition, Law Schools)  |d vLex Global (U.S. Academic Edition, excluding Law Schools)  |d vLex Global (Academic Edition, Law Schools) 
650 0 4 |a Derecho Fiscal  |z Estados Unidos 
740 0 |a vLex Libros (Servicio en ln̕ea) 
856 4 0 |u http://vlex.com/source/basic-income-tax-fifth-edition-21482  |z Acceso restringido 
942 |c BOOK 
999 0 |a Tax Law